[Event "Frankfurt-chA"]
[Site "Frankfurt"]
[Date "2022.05.02"]
[Round "2"]
[White "Bischoff, Ulrich"]
[Black "Schwarz, Dominik"]
[Result "1-0"]
[WhiteElo "1993"]
[BlackElo "1859"]
[PlyCount "125"]
[EventDate "2022.04.25"]
[EventType "swiss"]
[EventRounds "7"]
[EventCountry "GER"]
[SourceTitle "EXT 2023"]
[Source "ChessBase"]
[SourceDate "2022.10.05"]
[SourceVersion "1"]
[SourceVersionDate "2022.10.05"]
[SourceQuality "1"]

1. d4 f5 2. c4 Nf6 3. Nf3 g6 4. g3 Bg7 5. Bg2 0-0 6. 0-0 d6 7. Nc3 Qe8 8. d5 e5 9. e4 a5 10. Re1 h6 11. b3 Qf7 12. Nd2 f4 13. Rf1 g5 14. f3 h5 15. Rb1 Na6 16. a3 g4 17. b4 h4 18. gxh4 Qh5 19. Qe1 Qg6 20. Kh1 g3 21. Ne2 Nh5 22. Rg1 Qf6 23. Nxg3 fxg3 24. hxg3 Qg6 25. Nf1 axb4 26. axb4 Bh6 27. Bxh6 Qxh6 28. Kh2 Bd7 29. Qe3 Qf6 30. Nd2 Rf7 31. Bh3 Bxh3 32. Kxh3 Rg7 33. Nf1 Kh7 34. Nh2 c5 35. Ng4 Qg6 36. bxc5 Nxc5 37. Rb6 Ra6 38. Rgb1 Nf6 39. Nxf6+ Qxf6 40. Qxc5 Rxg3+ 41. Kxg3 Qg7+ 42. Kh3 Qd7+ 43. Kg2 Ra2+ 44. Qf2 Rxf2+ 45. Kxf2 Qh3 46. Rxb7+ Kh6 47. Rf7 Qxh4+ 48. Ke2 Qh2+ 49. Ke3 Kg6 50. Rf5 Qh6+ 51. Kd3 Qh2 52. Rb6 Qf2 53. Rxd6+ Kg7 54. Rc6 Qf1+ 55. Kc3 Qb1 56. Rff6 Qa1+ 57. Kb4 Qb2+ 58. Ka5 Qa3+ 59. Kb5 Qb3+ 60. Ka6 Qa3+ 61. Kb7 Qb4+ 62. Kc8 Qa4 63. Rfe6 1-0

[Event "Milton Keynes 4NCL Major op 11th"]
[Site "Milton Keynes"]
[Date "2016.11.06"]
[Round "5.14"]
[White "Schwarz, Dominik"]
[Black "Metcalfe, Charlie P"]
[Result "0-1"]
[WhiteElo "1836"]
[BlackElo "1536"]
[PlyCount "51"]
[EventDate "2016.11.04"]
[EventType "swiss"]
[EventRounds "5"]
[EventCountry "ENG"]
[SourceTitle "EXT 2023"]
[Source "ChessBase"]
[SourceDate "2022.10.05"]
[SourceVersion "1"]
[SourceVersionDate "2022.10.05"]
[SourceQuality "1"]

1. d4 d5 2. Nf3 Nf6 3. Bf4 Bf5 4. e3 a6 5. Bd3 Bxd3 6. Qxd3 e6 7. Nbd2 c5 8. c3 Nc6 9. Ne5 cxd4 10. exd4 Rc8 11. a3 Bd6 12. Nxc6 Rxc6 13. Bxd6 Qxd6 14. h3 0-0 15. 0-0 b5 16. Rfc1 Rb8 17. b4 Rbc8 18. Ra2 Nd7 19. Nb3 Qf4 20. Rac2 Nb6 21. Nc5 Nc4 22. Ra1 R8c7 23. a4 Rc8 24. axb5 axb5 25. Rca2 g6 26. Ra5 0-1

[Event "Milton Keynes 4NCL Major op 11th"]
[Site "Milton Keynes"]
[Date "2016.11.05"]
[Round "2.4"]
[White "Pink, Joshua"]
[Black "Schwarz, Dominik"]
[Result "1-0"]
[WhiteElo "1935"]
[BlackElo "1836"]
[PlyCount "63"]
[EventDate "2016.11.04"]
[EventType "swiss"]
[EventRounds "5"]
[EventCountry "ENG"]
[SourceTitle "EXT 2023"]
[Source "ChessBase"]
[SourceDate "2022.10.05"]
[SourceVersion "1"]
[SourceVersionDate "2022.10.05"]
[SourceQuality "1"]

1. d4 d5 2. c4 c6 3. Nf3 Nf6 4. Nc3 e6 5. Bg5 h6 6. Bh4 Be7 7. e3 Nbd7 8. g4 g5 9. Bg3 Qa5 10. Be5 Nxe5 11. Nxe5 Nd7 12. cxd5 exd5 13. Nd3 Nf6 14. Be2 Ne4 15. 0-0 Nxc3 16. bxc3 Qc7 17. f4 Bd6 18. Qc2 f6 19. c4 Qe7 20. Rae1 dxc4 21. Qxc4 Be6 22. Qc2 Bd5 23. e4 Bf7 24. e5 fxe5 25. Nxe5 Bxe5 26. fxe5 Qd7 27. Bf3 Qxd4+ 28. Kh1 Kf8 29. e6 Be8 30. Bxc6+ Ke7 31. Bxb7 Rd8 32. Qc7+ 1-0

[Event "Hessen-ch op-B"]
[Site "Floersheim"]
[Date "2016.05.08"]
[Round "7"]
[White "Schwarz, Dominik"]
[Black "Maerz, Maximilian"]
[Result "0-1"]
[WhiteElo "1741"]
[BlackElo "1910"]
[PlyCount "74"]
[EventDate "2016.05.05"]
[EventType "swiss"]
[EventRounds "7"]
[EventCountry "GER"]
[SourceTitle "EXT 2022"]
[Source "ChessBase"]
[SourceDate "2021.10.06"]
[SourceVersion "1"]
[SourceVersionDate "2021.10.06"]
[SourceQuality "1"]

1. e4 c5 2. Nf3 e6 3. d4 cxd4 4. c3 dxc3 5. Nxc3 Nc6 6. Bc4 d6 7. 0-0 Nf6 8. Qe2 Bd7 9. Rd1 a6 10. Bf4 e5 11. Be3 Be7 12. Rac1 0-0 13. Nd5 Nxd5 14. Bxd5 Qa5 15. Rc3 Rac8 16. a3 Bg4 17. h3 Bxf3 18. gxf3 Qd8 19. f4 Qd7 20. f5 Nb8 21. Rb3 b5 22. Kh2 Nc6 23. Qg4 Bf6 24. Rg1 Kh8 25. Bg5 Qe7 26. Be3 Qd7 27. Bg5 Qe7 28. Be3 Nd4 29. Bxd4 exd4 30. Qe2 Be5+ 31. Kh1 Rc7 32. Rd3 Rfc8 33. Qd2 Rc2 34. Qe1 Qh4 35. Rg2 Rc1 36. Rd1 Qxh3+ 37. Kg1 Bf4 0-1

[Event "Hessen-ch op-B"]
[Site "Floersheim"]
[Date "2016.05.06"]
[Round "3"]
[White "Schwarz, Dominik"]
[Black "Engel, Jan"]
[Result "1/2-1/2"]
[WhiteElo "1741"]
[BlackElo "1794"]
[PlyCount "132"]
[EventDate "2016.05.05"]
[EventType "swiss"]
[EventRounds "7"]
[EventCountry "GER"]
[SourceTitle "EXT 2022"]
[Source "ChessBase"]
[SourceDate "2021.10.06"]
[SourceVersion "1"]
[SourceVersionDate "2021.10.06"]
[SourceQuality "1"]

1. e4 c6 2. d4 d5 3. exd5 cxd5 4. Bd3 Nf6 5. Bf4 Qb6 6. b3 Nc6 7. c3 Bg4 8. Nf3 e6 9. 0-0 Be7 10. Nbd2 0-0 11. h3 Bh5 12. g4 Bg6 13. Bxg6 hxg6 14. Ne5 Rfc8 15. Qe2 Nxe5 16. dxe5 Nd7 17. c4 Qd4 18. Bg3 Nb6 19. Rfc1 dxc4 20. bxc4 Nd7 21. Rab1 Nc5 22. Nf3 Qd3 23. Qxd3 Nxd3 24. Rc3 Nc5 25. Bf4 Rc7 26. Be3 Rac8 27. Bxc5 Bxc5 28. Rcb3 b6 29. Nd2 Be7 30. Rd3 Bg5 31. Nf3 Be7 32. Nd2 Kf8 33. Kg2 Ke8 34. Rd1 Bb4 35. Ne4 Rxc4 36. Nd6+ Bxd6 37. Rxd6 Rc1 38. R1d2 R1c2 39. Kf3 Rxd2 40. Rxd2 g5 41. Rd3 Rc4 42. Ra3 Rc7 43. Ke3 Kd8 44. f4 gxf4+ 45. Kxf4 Kc8 46. Kg5 Kb7 47. Rd3 a5 48. h4 b5 49. a3 Kb6 50. h5 b4 51. h6 gxh6+ 52. Kxh6 Rc3 53. Rd6+ Kb5 54. axb4 axb4 55. Rd7 Rf3 56. Kg7 b3 57. g5 Rf5 58. Rb7+ Kc4 59. Rc7+ Kb4 60. Rb7+ Kc3 61. Rc7+ Kb2 62. Rxf7 Rxf7+ 63. Kxf7 Kc3 64. g6 b2 65. g7 b1Q 66. g8Q Qf5+ 1/2-1/2

[Event "Hessen-ch op-B"]
[Site "Floersheim"]
[Date "2016.05.06"]
[Round "4"]
[White "Schwarz, Dominik"]
[Black "Varma, Christopher"]
[Result "0-1"]
[WhiteElo "1741"]
[BlackElo "1794"]
[PlyCount "106"]
[EventDate "2016.05.05"]
[EventType "swiss"]
[EventRounds "7"]
[EventCountry "GER"]
[SourceTitle "EXT 2022"]
[Source "ChessBase"]
[SourceDate "2021.10.06"]
[SourceVersion "1"]
[SourceVersionDate "2021.10.06"]
[SourceQuality "1"]

1. e4 e6 2. d4 d5 3. exd5 exd5 4. Bd3 c5 5. c3 Nf6 6. Nf3 Bd6 7. 0-0 0-0 8. Nbd2 Nc6 9. dxc5 Bxc5 10. h3 Qd6 11. Nb3 Bb6 12. Nbd4 Ne4 13. Be3 Qf6 14. Nc2 Bc7 15. Ncd4 Re8 16. Qc2 a6 17. a3 Qd6 18. Ne2 Nf6 19. Bf4 Rxe2 20. Bxd6 Rxc2 21. Bxc2 Bxd6 22. Bb3 h6 23. Rad1 Ne7 24. Ba2 Bc7 25. Rfe1 Kf8 26. Re2 Bd7 27. Ne5 Bb5 28. Ree1 Nc6 29. Nf3 Ne7 30. Bb3 b6 31. Nd4 Bd7 32. Re2 Nc6 33. Nf3 Be6 34. Bc2 Na5 35. Nd4 Bd7 36. Bf5 Ba4 37. Bc2 Bxc2 38. Nxc2 Nc4 39. Nb4 Re8 40. Rxe8+ Kxe8 41. Nxd5 Nxd5 42. Rxd5 Nxb2 43. Kf1 Ke7 44. Ke2 Bd6 45. Rd4 b5 46. Re4+ Kd7 47. Kd2 Nc4+ 48. Kc2 Bxa3 49. Rg4 g6 50. Rf4 Nd6 51. Kb3 Bc5 52. Rf3 a5 53. g4 Ke6 0-1

[Event "Hessen-ch op-B"]
[Site "Floersheim"]
[Date "2016.05.05"]
[Round "2"]
[White "Anhalt, Albert"]
[Black "Schwarz, Dominik"]
[Result "0-1"]
[WhiteElo "1832"]
[BlackElo "1741"]
[PlyCount "52"]
[EventDate "2016.05.05"]
[EventType "swiss"]
[EventRounds "7"]
[EventCountry "GER"]
[SourceTitle "EXT 2022"]
[Source "ChessBase"]
[SourceDate "2021.10.06"]
[SourceVersion "1"]
[SourceVersionDate "2021.10.06"]
[SourceQuality "1"]

1. e4 c5 2. Nf3 Nc6 3. d4 cxd4 4. Nxd4 g6 5. Bc4 Bg7 6. c3 Ne5 7. Bb3 Nf6 8. Nf3 Nxf3+ 9. Qxf3 d6 10. h3 0-0 11. 0-0 Bd7 12. Bg5 Bc6 13. Nd2 a5 14. Qe2 a4 15. Bc2 Nd7 16. Rfd1 a3 17. Rab1 axb2 18. Nc4 Bxc3 19. Nxd6 h6 20. Nxf7 Rxf7 21. Bxh6 e6 22. Qc4 Qf6 23. Rd3 Qxf2+ 24. Kh1 Be5 25. Be3 Qe2 26. Bg1 Bxe4 0-1

[Event "London Weekend U1800 7th"]
[Site "London"]
[Date "2015.12.04"]
[Round "1.22"]
[White "Schwarz, Dominik"]
[Black "Pride, Stephen C"]
[Result "1/2-1/2"]
[WhiteElo "1741"]
[BlackElo "1667"]
[PlyCount "40"]
[EventDate "2015.12.04"]
[EventType "swiss"]
[EventRounds "5"]
[EventCountry "ENG"]
[SourceTitle "EXT 2023"]
[Source "ChessBase"]
[SourceDate "2022.10.05"]
[SourceVersion "1"]
[SourceVersionDate "2022.10.05"]
[SourceQuality "1"]

1. d4 d6 2. Nf3 Bf5 3. Bf4 Nf6 4. e3 Nbd7 5. Bd3 Bxd3 6. Qxd3 e6 7. Nbd2 Be7 8. c3 c6 9. Qc2 d5 10. h3 Qb6 11. Qb3 Qxb3 12. axb3 0-0 13. Ne5 Nxe5 14. Bxe5 Rfd8 15. 0-0 Bd6 16. Bxf6 gxf6 17. e4 Kh8 18. Rfe1 a6 19. e5 fxe5 20. dxe5 Bf8 1/2-1/2

[Event "Unterfranken-ch HB 62th"]
[Site "Gerolzhofen"]
[Date "2011.04.29"]
[Round "8"]
[White "Schwarz, Dominik"]
[Black "Liebler, Juergen"]
[Result "0-1"]
[WhiteElo "1172"]
[BlackElo "1676"]
[PlyCount "102"]
[EventDate "2011.04.25"]
[EventType "swiss"]
[EventRounds "9"]
[EventCountry "GER"]
[SourceTitle "EXT 2015"]
[Source "ChessBase"]
[SourceDate "2014.11.20"]
[SourceVersion "1"]
[SourceVersionDate "2014.11.20"]
[SourceQuality "1"]

1. d4 e6 2. Nf3 c5 3. c3 cxd4 4. cxd4 Nf6 5. Bf4 Nc6 6. Nc3 Be7 7. e3 0-0 8. Bd3 Nb4 9. Be2 Nbd5 10. Bg3 Bb4 11. Rc1 Qa5 12. Qb3 Ne4 13. 0-0 Nexc3 14. bxc3 Nxc3 15. Rc2 Nxe2+ 16. Rxe2 Be7 17. Rc1 Qa6 18. Qc4 b6 19. Qxa6 Bxa6 20. Rec2 f6 21. Rc7 Rfc8 22. Nd2 Rxc7 23. Rxc7 Rc8 24. Rxc8+ Bxc8 25. Bb8 a6 26. Nc4 b5 27. Nd6 Bxd6 28. Bxd6 Bb7 29. g3 Kf7 30. Kf1 Bf3 31. Ke1 Kg6 32. Bf4 Kf5 33. Bd6 Kg4 34. h4 g5 35. hxg5 fxg5 36. Be7 h5 37. Kf1 h4 38. Kg1 a5 39. a3 b4 40. axb4 a4 41. b5 hxg3 42. fxg3 Kxg3 43. Bxg5 Be4 44. Be7 Kf3 45. Bc5 Bd5 46. Kf1 Kxe3 47. Ke1 Kd3 48. Kf2 Kc4 49. b6 e5 50. Ke3 e4 51. Ba3 Kb3 0-1

[Event "Unterfranken-ch HT 61th"]
[Site "Kitzingen"]
[Date "2010.04.10"]
[Round "9"]
[White "Hartlaub, Marianne"]
[Black "Schwarz, Dominik"]
[Result "1-0"]
[WhiteElo "1433"]
[BlackElo "933"]
[PlyCount "23"]
[EventDate "2010.04.05"]
[EventType "swiss"]
[EventRounds "9"]
[EventCountry "GER"]
[SourceTitle "EXT 2015"]
[Source "ChessBase"]
[SourceDate "2014.11.20"]
[SourceVersion "1"]
[SourceVersionDate "2014.11.20"]
[SourceQuality "1"]

1. c4 c6 2. Nc3 d5 3. e3 Bf5 4. Qb3 dxc4 5. Bxc4 e6 6. Qxb7 Nd7 7. Qxc6 Rc8 8. Qa4 Bc5 9. d4 Bb6 10. Nf3 Ngf6 11. Ne5 0-0 12. Nc6 1-0

[Event "Unterfranken-ch HT 61th"]
[Site "Kitzingen"]
[Date "2010.04.08"]
[Round "6"]
[White "Schwarz, Dominik"]
[Black "Werner, Stefan1111"]
[Result "0-1"]
[WhiteElo "933"]
[BlackElo "1543"]
[PlyCount "54"]
[EventDate "2010.04.05"]
[EventType "swiss"]
[EventRounds "9"]
[EventCountry "GER"]
[SourceTitle "EXT 2015"]
[Source "ChessBase"]
[SourceDate "2014.11.20"]
[SourceVersion "1"]
[SourceVersionDate "2014.11.20"]
[SourceQuality "1"]

1. d4 Nf6 2. Nf3 g6 3. Bf4 d6 4. c3 Bg7 5. Qc1 Nbd7 6. h3 c5 7. Bh6 0-0 8. Bxg7 Kxg7 9. e3 b6 10. Be2 Bb7 11. 0-0 Rc8 12. Nbd2 e5 13. dxe5 dxe5 14. Qd1 Qe7 15. Qa4 Ra8 16. e4 a6 17. Qc2 b5 18. a3 Ne8 19. g4 Nd6 20. Nh2 Qh4 21. Kg2 f5 22. Nhf3 Qe7 23. exf5 gxf5 24. gxf5 e4 25. Ne1 Nxf5 26. Rg1 Kh8 27. Kf1 Ne3# 0-1

[Event "Unterfranken-ch HA 60th"]
[Site "Obernau"]
[Date "2009.04.17"]
[Round "8"]
[White "Schwarz, Dominik"]
[Black "Fellhauer, Claus"]
[Result "0-1"]
[WhiteElo "933"]
[BlackElo "1473"]
[PlyCount "70"]
[EventDate "2009.04.13"]
[EventType "swiss"]
[EventRounds "9"]
[EventCountry "GER"]
[SourceTitle "EXT 2015"]
[Source "ChessBase"]
[SourceDate "2014.11.20"]
[SourceVersion "1"]
[SourceVersionDate "2014.11.20"]
[SourceQuality "1"]

1. d4 d5 2. Nf3 g6 3. Bf4 Bg7 4. c3 Nc6 5. e3 Nf6 6. Nbd2 Bg4 7. Bd3 Ne4 8. Nxe4 dxe4 9. Bxe4 Na5 10. h3 Bxf3 11. Bxf3 c6 12. 0-0 0-0 13. Re1 Nc4 14. Qc2 Re8 15. e4 e5 16. dxe5 Bxe5 17. Bxe5 Nxe5 18. Red1 Nxf3+ 19. gxf3 Qc8 20. Kg2 Re5 21. Rh1 Qe6 22. Qb3 Rg5+ 23. Kf1 Qd7 24. Rd1 Qe7 25. Rg1 Rb5 26. Qc2 Qe6 27. c4 Qxh3+ 28. Ke2 Re5 29. Rh1 Qe6 30. Rd4 Re8 31. Kf1 f5 32. exf5 gxf5 33. Rg1+ Kh8 34. Rd1 Re1+ 35. Rxe1 Qxe1+ 0-1

[Event "Unterfranken-ch HA 60th"]
[Site "Obernau"]
[Date "2009.04.14"]
[Round "3"]
[White "Schwarz, Dominik"]
[Black "Krug, Rudi"]
[Result "1/2-1/2"]
[WhiteElo "933"]
[BlackElo "1669"]
[PlyCount "31"]
[EventDate "2009.04.13"]
[EventType "swiss"]
[EventRounds "9"]
[EventCountry "GER"]
[SourceTitle "EXT 2015"]
[Source "ChessBase"]
[SourceDate "2014.11.20"]
[SourceVersion "1"]
[SourceVersionDate "2014.11.20"]
[SourceQuality "1"]

1. d4 g6 2. Nf3 d5 3. Bf4 Bg7 4. c3 c6 5. e3 Bg4 6. Nbd2 Nf6 7. Bd3 e6 8. h3 Bxf3 9. Nxf3 0-0 10. 0-0 Re8 11. Re1 Nbd7 12. e4 dxe4 13. Bxe4 Nxe4 14. Rxe4 Nf6 15. Re2 Qb6 16. Qc1 1/2-1/2

[Event "Unterfranken-ch HB 59th"]
[Site "Rieneck"]
[Date "2008.03.24"]
[Round "1"]
[White "Schwarz, Dominik"]
[Black "Rachor, Udo"]
[Result "0-1"]
[WhiteElo "925"]
[BlackElo "1521"]
[PlyCount "78"]
[EventDate "2008.03.24"]
[EventType "swiss"]
[EventRounds "9"]
[EventCountry "GER"]
[SourceTitle "EXT 2015"]
[Source "ChessBase"]
[SourceDate "2014.11.20"]
[SourceVersion "1"]
[SourceVersionDate "2014.11.20"]
[SourceQuality "1"]

1. e4 e6 2. d4 d5 3. exd5 exd5 4. Nf3 Nf6 5. Nc3 Bg4 6. h3 Bh5 7. Be2 Bb4 8. Bd2 0-0 9. 0-0 Re8 10. Re1 Nc6 11. Bb5 a6 12. Bxc6 bxc6 13. Rxe8+ Qxe8 14. Bg5 Ne4 15. Qd3 Bxc3 16. bxc3 Bxf3 17. Qxf3 Nxg5 18. Qf4 Ne6 19. Qg4 Rb8 20. Re1 Qf8 21. Qe2 Qa3 22. Ra1 Qxc3 23. Rd1 Rb6 24. Qd3 Qxd3 25. Rxd3 Rb2 26. Ra3 Rb6 27. Rb3 Rxb3 28. cxb3 Nxd4 29. Kf1 Kf8 30. g4 Ke7 31. Kg2 Kd6 32. f4 c5 33. Kg3 f6 34. g5 fxg5 35. fxg5 g6 36. Kg4 a5 37. h4 Ke5 38. h5 Ke4 39. hxg6 hxg6 0-1

[Event "Bad Zwesten op 7th"]
[Site "Bad Zwesten"]
[Date "2003.??.??"]
[Round "9"]
[White "Schmehl, Torsten"]
[Black "Schwarz, Dominik"]
[Result "1-0"]
[WhiteElo "1560"]
[BlackElo "1313"]
[PlyCount "83"]
[EventDate "2003.01.02"]
[EventType "swiss"]
[EventRounds "9"]
[EventCountry "GER"]
[SourceTitle "CBM 092 Extra"]
[Source "ChessBase"]
[SourceDate "2003.03.07"]
[SourceVersion "1"]
[SourceVersionDate "2003.03.07"]
[SourceQuality "1"]

1. d4 f5 2. c4 Nf6 3. Nc3 g6 4. g3 Bg7 5. Bg2 0-0 6. Nf3 d6 7. 0-0 c6 8. Qc2 Qe8 9. b3 e5 10. dxe5 dxe5 11. Nd2 h6 12. e4 f4 13. Bb2 g5 14. f3 h5 15. Ne2 Nh7 16. Rad1 Qg6 17. Nb1 g4 18. Ba3 Re8 19. fxg4 fxg3 20. hxg3 Bxg4 21. Nbc3 Qg5 22. Bc1 Qe7 23. Be3 h4 24. gxh4 Qxh4 25. Qd2 Na6 26. Bf2 Qe7 27. Qd6 Nb4 28. Qxe7 Rxe7 29. Bc5 Ree8 30. Bxb4 b5 31. cxb5 cxb5 32. Rfe1 Rad8 33. Kf1 a6 34. Rxd8 Rxd8 35. Rd1 Rxd1+ 36. Nxd1 Ng5 37. Ndc3 Ne6 38. Ng1 Nf4 39. Nd5 Nxg2 40. Kxg2 Bd1 41. Nc3 Bh6 42. Nxd1 1-0